Perspectives of communication and communicative competence / (Record no. 126859)

MARC details
000 -LEADER
fixed length control field 00776nam a22002297a 4500
005 - DATE AND TIME OF LATEST TRANSACTION
control field 20170124110016.0
010 ## - LIBRARY OF CONGRESS CONTROL NUMBER
LC control number A-991803
020 ## - INTERNATIONAL STANDARD BOOK NUMBER
Terms of availability 00.00
International Standard Book Number 817022778
035 ## - SYSTEM CONTROL NUMBER
System control number A-991803
037 ## - SOURCE OF ACQUISITION
Source of stock number/acquisition Cen Lib/Ret
040 ## - CATALOGING SOURCE
Original cataloging agency DPL
Language of cataloging EN
082 ## - DEWEY DECIMAL CLASSIFICATION NUMBER
Classification number 302.2
Item number ROD
100 ## - MAIN ENTRY--PERSONAL NAME
Personal name Rodriques, M.V.
9 (RLIN) 18676
245 ## - TITLE STATEMENT
Title Perspectives of communication and communicative competence /
Statement of responsibility, etc by M.V. Rodriques
260 ## - PUBLICATION, DISTRIBUTION, ETC. (IMPRINT)
Name of publisher, distributor, etc Concept Publishing Company
Date of publication, distribution, etc 2000
Place of publication, distribution, etc New Delhi
270 ## - ADDRESS
City New Delhi
Address A/15-16, commercial block, mohan garden
Postal code 110059
300 ## - PHYSICAL DESCRIPTION
Extent x, 390p. :
Dimensions 21cm(Hb)
500 ## - GENERAL NOTE
General note Includes bibliographical references and index
650 ## - SUBJECT ADDED ENTRY--TOPICAL TERM
Topical term or geographic name as entry element Human interaction
9 (RLIN) 18677
650 ## - SUBJECT ADDED ENTRY--TOPICAL TERM
Topical term or geographic name as entry element Fundamentals of communication
9 (RLIN) 18678
942 ## - ADDED ENTRY ELEMENTS (KOHA)
Source of classification or shelving scheme Dewey Decimal Classification
Koha item type English Books
Classification part 302.2
Call number suffix ROD
Holdings
Withdrawn status Lost status Damaged status Not for loan Home library Current library Date acquired Source of acquisition Cost, normal purchase price Total Checkouts Full call number Barcode Date last seen Copy number Cost, replacement price Price effective from Koha item type Public note
Written off       Central Library Central Library 26/06/2015 Cen Lib/Ret 0.00   302.2 ROD A-991803 26/06/2015 1 0.00 26/06/2015 English Books W/d List No. 6845/21 : dtd 9/7/20

© Delhi Public Library
Hit Counter
free hit counter